Szczegóły MARC21

Polska : Karpaty i Podkarpacie, wyżyny polskie, Sudety i Nizina Śląska, Nizina Wielkopolska, Nizina Mazowiecko-Podlaska, pobrzeża i pojezierza /

003 -Nazwa inst., której nr kontr. jest w polu 001 [,]
    • @
    • Nazwa instytucji, której n kontrolny jest w polu 001
    • NUKAT
005 -DATA I CZAS OSTATNIEJ MODYFIKACJI [,]
    • @
    • pole kontrolne
    • 20241231111658.0
020 -Międzynarod. znormalizowany nr książki - ISBN [ , ]
    • a
    • Numer ISBN
    • 8321335438 Find
040 -Instytucja sporządzająca opis [ , ]
    • a
    • Instytucja, która sporządziła opis (NP)
    • POZN U/JG
    • c
    • Instytucja, która sporządziła rekord (NP)
    • POZN U/JG
    • d
    • Instytucja, która zmodyfikowała rekord (P)
    • POZN U/BW
942 -Rodzaj dokumentu [ , ]
    • c
    • Rodzaj dokumentu
    • Książka
245 -Strefa tytułu i oznaczenia odpowiedzialności [0,0]
    • a
    • Tytuł
    • Polska : Find
    • b
    • Ciąg dalszy tytułu (NP)
    • Karpaty i Podkarpacie, wyżyny polskie, Sudety i Nizina Śląska, Nizina Wielkopolska, Nizina Mazowiecko-Podlaska, pobrzeża i pojezierza / Find
    • c
    • Pozostałe elementy strefy tytułu i oznaczenia odpowiedzialności (NP)
    • [wstęp] Wojciech Giełżyński ; [koment. towarzyszące ilustracjom] Irena i Jerzy Kostrowiccy.
260 -Strefa adresu wydawniczego [ , ]
    • a
    • Miejsce wydania (P)
    • Warszawa :
    • b
    • Nazwa wydawcy (P)
    • "Arkady",
    • c
    • Data wydania (P)
    • 1994.
300 -Strefa opisu fizycznego [ , ]
    • a
    • Określenie formy książki i/lub objętość (NP)
    • 283, [5] s. :
    • b
    • Oznaczenie ilustracji (NP)
    • il. kolor. ;
    • c
    • Format (NP)
    • 31 cm.
336 -Typ zawartości [ , ]
    • a
    • Termin opisujący typ zawartości
    • Tekst
    • b
    • Kod określający zawartość
    • txt
    • 2
    • Źródło (terminu i kodu)
    • rdacontent
337 -Typ mediów [ , ]
    • a
    • Tryb odtwarzania
    • Bez urządzenia pośredniczącego
    • b
    • Kod typu mediów
    • n
    • 2
    • Źródło (terminu i kodu)
    • rdamedia
338 -Typ/rodzaj nośnika [ , ]
    • a
    • Hasło opisujące typ nośnika
    • Wolumin
    • b
    • Kod typu nośnika
    • nc
    • 2
    • Źródło (terminu i kodu)
    • rdacarrier
504 -Uwaga dot. bibliogr. załącznikowej [ , ]
    • a
    • Uwaga dot. bibliografii załącznikowej
    • Indeks.
080 -Uniwersalna Klasyfikacja Dziesiętna [ , ]
    • a
    • Symbol klasyfikacji
    • 914.38(084.11)
651 -Hasło przedmiotowe w formie nazwy geograficznej [ ,7]
    • a
    • Nazwa geograficzna
    • Polska
    • v
    • Określnik formalny
    • wydawnictwa informacyjne.
    • 2
    • Źródło terminu
    • kaba
    • 9
    • KHW
    • 356870
651 -Hasło przedmiotowe w formie nazwy geograficznej [ ,7]
    • a
    • Nazwa geograficzna
    • Polska
    • v
    • Określnik formalny
    • wydawnictwa ilustrowane.
    • 2
    • Źródło terminu
    • kaba
    • 9
    • KHW
    • 354576
980 -Symbol UKD [ , ]
    • a
    • UKD
    • 914.38(084.11)
700 -Hasło dodatkowe - nazwa osobowa [1, ]
    • a
    • Nazwa osobowa (NP)
    • Giełżyński, Wojciech Find
    • d
    • Daty biograficzne (NP)
    • (1930-2015).
    • e
    • Określenie rodzaju współpracy
    • Wstęp
    • 9
    • KHW
    • 69608
700 -Hasło dodatkowe - nazwa osobowa [1, ]
    • a
    • Nazwa osobowa (NP)
    • Kostrowicka, Irena Find
    • d
    • Daty biograficzne (NP)
    • ( -2008).
    • e
    • Określenie rodzaju współpracy
    • Koment.
    • 9
    • KHW
    • 240671
700 -Hasło dodatkowe - nazwa osobowa [1, ]
    • a
    • Nazwa osobowa (NP)
    • Kostrowicki, Jerzy Find
    • d
    • Daty biograficzne (NP)
    • (1918-2002).
    • e
    • Określenie rodzaju współpracy
    • Koment.
    • 9
    • KHW
    • 29046
710 -Hasło dodatkowe - nazwa ciała zbiorowego [2, ]
    • a
    • Nazwa ciała zbiorowego lub nazwa geograficzna jako pierwszy element (NP)
    • Wydawnictwo Arkady.
    • 4
    • Kod relacji
    • pbl
    • 9
    • KHW
    • 506560
920 -ISBN [ , ]
    • a
    • ISBN
    • 83-213-3543-8 Find
Data inwentaryzacji Status udost. Lokalizacja Sygnatura Numer inwentarzowy
1998-12-231BMPrzewodniki - Polska 24WF.6074